000 01080nam a2200301 i 4500
001 9251
003 KOSZ 005
005 20180321123953.0
008 981017s1997 pl a |000 0 pol
015 _aPB 1999/15289
035 _a(OCoLC)830196804
040 _aWA N
_cWA N
_dKOSZ 005/EG
041 0 _apol
_beng
080 _a316
080 _a37.015.4
080 _a(438)
100 1 _aSKRZYPNIAK, Ryszard.
_bPolitechnika Koszalińska - Wydział Mechaniczny,
_cKatedra Nauk Pedagogicznych
_d1996 - .
245 1 0 _aSocjalizacja i wychowanie w rodzinach o zróżnicowanej liczbie dzieci /
_cRyszard Skrzypniak.
260 _aKoszalin :
_bWydaw. Uczelniane PK,
_c1997.
300 _a205 s. :
_bwykr. ;
_c24 cm.
490 1 _aMonografia Wydziału Mechanicznego / Politechnika Koszalińska.
504 _aBibliogr. s. 193-203.
546 _aStreszcz. ang.
650 0 _aWychowanie w rodzinie.
651 0 _aKoszalin (woj. zachodniopomorskie ; okręg)
_96827
830 0 _aMonografia Wydziału Mechanicznego - Politechnika Koszalińska.
942 _2UKD
_cKS
999 _c9251
_d9251